000 00664nam a2200241 i 4500
001 C2-0117543
003 PPAK
005 20180727110614.0
008 970723s1994 my |||| ||||| | may d
020 _a9839601865
040 _aPPAK
_beng
_cPPAK
_erda
082 0 4 _a297.197835
_223
090 0 0 _a297.197835
_bHAN
_dG
100 0 _aHanafi Mohamed,
_eauthor
245 1 0 _aKefahaman dan pendidikan seks dalam Islam
264 1 _aKuala Lumpur :
_bDinie ,
_c1994
300 _aii, 150 pages ;
_c21 cm
336 _2rdacontent
_atext
337 _2rdamedia
_aunmediated
338 _2rdacarrier
_avolume
650 1 0 _aIslamic religious practice
942 _ddc
_cB
999 _c31531
_d31531